La religión en las Fuerzas Armadas y de Orden
Spremljeno u:
| Glavni autori: | , |
|---|---|
| Format: | Knjiga |
| Jezik: | španjolski |
| Izdano: |
Santiago
Rehue
1986
|
| Teme: | |
| Oznake: |
Dodaj oznaku
Bez oznaka, Budi prvi tko označuje ovaj zapis!
|
MARC
| LEADER | 00000nam a2200000 a 4500 | ||
|---|---|---|---|
| 001 | UCK1143 | ||
| 003 | CL-VaPUC | ||
| 008 | 041105e19860000CL |||||||||||||||||spa|d | ||
| 082 | 0 | 4 | |a 355.123 |b LAG |2 21 |
| 100 | |a Lagos Schuffeneger, Humberto |e author |9 522161 | ||
| 700 | 0 | |a Chacón Herrera, Arturo |e author |9 488994 | |
| 245 | 1 | 3 | |a La religión en las Fuerzas Armadas y de Orden |
| 300 | |a 33 p | ||
| 942 | |c BK | ||
| 945 | |d 20041105 00:00:00 |a cmena | ||
| 260 | |a Santiago |b Rehue |c 1986 | ||
| 650 | 7 | |a PERSONAL MILITAR |2 CL-VaPUC |9 375811 | |
| 650 | 0 | |a Fuerzas Armadas |9 255504 | |
| 650 | 0 | |a Creencia Religiosa |9 316904 | |
| 650 | 7 | |a LIBERTAD RELIGIOSA |2 CL-VaPUC |9 488995 | |
| 583 | |a last modification |c 20041105 00:00:00 |k Rodrigo Vera | ||
| 999 | |c 311237 |d 311235 | ||
| 952 | |0 0 |1 0 |4 0 |6 355_123000000000000_LAG_1986 |7 0 |8 A |9 380550 |a BIBTEO |b BIBTEO |d 2019-11-21 |i 4075722 |o 355.123 LAG 1986 |p 4075722 |r 2025-01-17 |w 2019-11-21 |y BK |k ICR | ||